Chapterwise topicwise daily practice problem organic chemistry- Part 2 (Record no. 221963)
[ view plain ]
| 000 -LEADER | |
|---|---|
| fixed length control field | 00627nam a22002057a 4500 |
| 005 - DATE AND TIME OF LATEST TRANSACTION | |
| control field | 20220418160349.0 |
| 008 - FIXED-LENGTH DATA ELEMENTS--GENERAL INFORMATION | |
| fixed length control field | 220321b ||||| |||| 00| 0 eng d |
| 020 ## - INTERNATIONAL STANDARD BOOK NUMBER | |
| International Standard Book Number | 9788131530016 |
| 040 ## - CATALOGING SOURCE | |
| Transcribing agency | AL |
| 041 ## - LANGUAGE CODE | |
| Language code of text/sound track or separate title | eng |
| 082 ## - DEWEY DECIMAL CLASSIFICATION NUMBER | |
| Edition number | 23 |
| Classification number | 547 |
| Item number | SAIC |
| 100 ## - MAIN ENTRY--PERSONAL NAME | |
| Personal name | Seema Saini |
| 9 (RLIN) | 24327 |
| 245 ## - TITLE STATEMENT | |
| Title | Chapterwise topicwise daily practice problem organic chemistry- Part 2 |
| Remainder of title | JEE Main and advanced |
| 260 ## - PUBLICATION, DISTRIBUTION, ETC. | |
| Place of publication, distribution, etc. | New Delhi |
| Name of publisher, distributor, etc. | Cengage Learning India |
| Date of publication, distribution, etc. | 2016 |
| 300 ## - PHYSICAL DESCRIPTION | |
| Extent | iv,178p. |
| Other physical details | PB |
| Dimensions | 27.5x21.6cm |
| 365 ## - TRADE PRICE | |
| Source of price type code | General |
| Price type code | VBI-1345 |
| 500 ## - GENERAL NOTE | |
| General note | Complimentary Copy |
| 650 ## - SUBJECT ADDED ENTRY--TOPICAL TERM | |
| Source of heading or term | Chemistry |
| Topical term or geographic name entry element | Organic chemistry |
| 9 (RLIN) | 24328 |
| 942 ## - ADDED ENTRY ELEMENTS (KOHA) | |
| Source of classification or shelving scheme | Dewey Decimal Classification |
| Koha item type | Book |
| Withdrawn status | Lost status | Source of classification or shelving scheme | Damaged status | Not for loan | Collection code | Home library | Current library | Date acquired | Source of acquisition | Total Checkouts | Full call number | Barcode | Date last seen | Price effective from | Koha item type |
|---|---|---|---|---|---|---|---|---|---|---|---|---|---|---|---|
| Dewey Decimal Classification | Analytical Chemistry | St Aloysius PG Library | St Aloysius PG Library | 03/09/2022 | Vidyarthi Books | 547 SAIC | PG023757 | 08/24/2022 | 02/21/2022 | Book |